00552 a2200169 450000100060000002000180000604000220002410000180004624000570006424500520012130000080017336200090018165000590019094200070024995201090025699900170036561716 a9783190072552 cAnchieta - Pituba aDreyer, Hilke10aLehr - und übungsbuch der deutschen grammatiklpor10aLehr - und übungsbuch der deutschen grammatik a3590 a2000 4aLínguas germânicas (teutônicas) língua alemã cBK 00104070a91.1b91.1d2023-11-21l0o430 D778l DRE LEHp13898/PITr2023-11-21 18:29:56w2023-11-21yBK c61716d61716